Ordinary differential equations /
Guardado en:
| Autor Principal: | |
|---|---|
| Formato: | Libro |
| Idioma: | English Russian |
| Publicado: |
New York :
Dover,
1973, c1966.
|
| Edición: | Rev. English ed. |
| Materias: | |
| Etiquetas: |
Agregar Etiqueta
Sin Etiquetas, Sea el primero en etiquetar este registro!
|
| LEADER | 01033cam a2200265 a 4500 | ||
|---|---|---|---|
| 001 | MAT.inmabb005123 | ||
| 008 | 730423t19731966nyua#####b####001#0#eng## | ||
| 005 | 20160530120259.0 | ||
| 245 | 1 | 0 | |a Ordinary differential equations / |c I. G. Petrovski ; translated and edited by Richard A. Silverman. |
| 250 | |a Rev. English ed. | ||
| 260 | |a New York : |b Dover, |c 1973, c1966. | ||
| 300 | |a x, 232 p. : |b il. ; |c 22 cm. | ||
| 500 | |a "Unabridged and corrected republication of the work originally published by Prentice-Hall in 1966". | ||
| 500 | |a Traducción de: Lektsii po teorii obyknovennykh differentsial'nykh uravnenii. | ||
| 504 | |a Bibliografía: p. 227. | ||
| 510 | 4 | |a MR, |c 33 #1518 | |
| 020 | |a 0486612686 | ||
| 100 | 1 | |a Petrovskii, I. G. |q (Ivan Georgievich) | |
| 240 | 1 | 0 | |a Lektsii po teorii obyknovennykh differentìsial'nykh uravnenii. |l Inglés |
| 650 | 0 | |a Differential equations. | |
| 084 | |a 34-01 |2 msc2000 | ||
| 010 | |a 72097098 | ||
| 040 | |a DLC |c DLC |d DLC | ||
| 041 | 1 | |a eng |h rus | |
| 859 | |h 34 |i P497o |p A-2434 |b BIB. MATEMATICA | ||
